Espaco e tempo na educacao infantil

保存先:
書誌詳細
主要な著者: Almeida, Rosangela Doin de (著者), Juliasz, Paula C. Strina (著者)
フォーマット: 図書
言語:ポルトガル語
出版事項: Sao Paulo Contexto 2014
版:1a. ed
主題:
タグ: タグ追加
タグなし, このレコードへの初めてのタグを付けませんか!

MARC

LEADER 00000cam a2200000 a 4500
001 UCC4886
003 CL-VaPUC
008 180831e20140000bl |||||||||||||||||por|d
020 |a 9788572448284 
082 0 4 |a 372.891  |b ALM  |2 21 
100 0 |a Almeida, Rosangela Doin de  |e author  |9 599093 
700 0 |a Juliasz, Paula C. Strina  |e author  |9 599094 
245 1 0 |a Espaco e tempo na educacao infantil 
250 |a 1a. ed 
300 |a 126 p 
942 |c BK 
945 |d 20180831 12:04:00  |a dcastane 
260 |a Sao Paulo  |b Contexto  |c 2014 
650 7 |a REPRESENTACION ESPACIAL  |2 CL-VaPUC  |9 503689 
650 0 |a Enseñanza de la geografía  |9 310005 
583 |a last modification  |c 20180831 12:04:00  |k Rodrigo Vera 
999 |c 372271  |d 372269 
952 |0 0  |1 0  |3 erb  |4 0  |6 372_891000000000000_ALM_2014  |7 0  |8 A  |9 489614  |a BIBING  |b BIBING  |i 5494249  |o 372.891 ALM 2014  |p 5494249  |r 2025-01-20  |w 2019-11-24  |y BK  |z Catalogado en:20180831  |k GEO